Paroles - Alicia - Lorien Testard (de Clair Obscur : Expédition 33) - Statistiques

Statistiques générales
  • Ce quiz a été pris 18 fois
  • Le résultat moyen est 20 sur 36
Statistiques - réponses
Réponse % Correct
Kasoi
93%
dalé
79%
dané
79%
Moi
79%
u
79%
Alicia
64%
dané
64%
Goséi
64%
ai
57%
Goséi
57%
Kala
57%
Lune
57%
soika
57%
tovla
57%
ai
50%
Alicia
50%
Dosokémo
50%
Dosokémo
50%
édaéké
50%
édaéké
50%
itade
50%
itade
50%
itade
50%
itade
50%
Lune
50%
Maella
50%
Maella
50%
moéto
50%
naémai
50%
naémai
50%
nai
50%
nai
50%
nai
50%
nai
50%
Verso
50%
Verso
50%
Aucun quiz correspondant
Distribution des résultats
% des personnes avec chaque résultat
Percentile par nombre de réponses
Votre historique - résultats
Vous n’avez pas pris ce quiz